| 000 | 00871nam a2200277 i 4500 | ||
|---|---|---|---|
| 003 | EG-ScBUE | ||
| 005 | 20260510111631.0 | ||
| 008 | 200219t2025 enka f b 001 0 eng d | ||
| 020 | _a9781837402427 | ||
| 040 |
_aEG-ScBUE _beng _erda _cEG-ScBUE _dEG-ScBUE |
||
| 082 | 0 | 4 |
_222 _a615.1 _bMEY |
| 100 | 1 |
_aMeyer, Liam, _eauthor. |
|
| 245 | 1 | 4 |
_aThe pharmacology of addiction and substance abuse / _cLiam Meyer. |
| 264 | 1 |
_aLondon : _bPrimed Publishing Ltd., _c[2025] |
|
| 264 | 4 | _cc2025 | |
| 300 |
_ax, 197 pages : _bcolor illustrations ; _c30 cm |
||
| 336 |
_2rdacontent _atext _btxt |
||
| 337 |
_2rdamedia _aunmediated _bn |
||
| 338 |
_2rdacarrier _avolume _bnc |
||
| 504 | _aIncludes bibliographical references and index. | ||
| 650 | 7 |
_2BUEsh _aPharmacology. |
|
| 653 |
_cMay2026 _bPPhrm |
||
| 655 | _vReading book | ||
| 942 |
_2ddc _cBB |
||
| 999 |
_c31206 _d31177 |
||